Текст песни "По барам" — Анна Асти - Statistics

General Stats
  • This quiz has been taken 8 times
  • The average score is 145 of 279
Answer Stats
Текст песни % Correct
в
100%
А
100%
по
100%
барам
100%
пьяном
100%
угаре
100%
По
100%
барам,
100%
а
100%
ко
100%
к
100%
Ты
88%
ты,
88%
ты
88%
о
88%
мы
88%
Я
75%
и
75%
не
75%
я
75%
И
75%
я,
75%
что
63%
но
63%
Мне
63%
же
63%
утро
63%
Но
63%
при
63%
Что
63%
парень,
63%
Как
63%
гуляли
63%
тротуарам
63%
Мокрым
63%
старым,
63%
на
63%
мне,
63%
мне
63%
"Мне
63%
ночной
50%
кошмар,
50%
очень
50%
или
50%
снова
50%
том,
50%
под
50%
босиком
50%
твоя
50%
найдёшь
50%
мой
50%
типаж
50%
тебе
50%
растаял
38%
поутру
38%
по-прежнему
38%
красива,
38%
хоть
38%
казалось,
38%
умру
38%
жалко
38%
твою
38%
новую
38%
девчонку
38%
дальше
38%
лайк
38%
закрутилось
38%
раз,
38%
поумнела
38%
вспоминаешь
38%
утром
38%
дождём
38%
кара,
38%
карма
38%
толпе
38%
она
38%
это
38%
вновь
38%
мираж
38%
ночи
38%
мальчик
38%
девчонку"
38%
stories,
38%
Между
25%
нами
25%
дым,
25%
со
25%
так
25%
было,
25%
пацан,
25%
непрост
25%
ревную,
25%
отпустила
25%
Посмотришь
25%
миноре
25%
Так
25%
было
25%
понял
25%
последнем
25%
разговоре
25%
просто
25%
разлюбила
25%
подкатил,
25%
запала
25%
летит
25%
крыльях
25%
Тебя
25%
тянет
25%
меня
25%
приезжай,
25%
недолюбленный
25%
твои
25%
скучаю
25%
разговоре:
25%
слёзы
13%
горящий
13%
мост
13%
мной
13%
правда,
13%
опять
13%
издалека,
13%
потихоньку
13%
понеслась,
13%
звонки,
13%
сотни
13%
пока
13%
остыла
13%
Перестань
13%
ждать
13%
окном
13%
своей
13%
тачке
13%
свечу
13%
уже
13%
давно
13%
геолокацию
13%
хожу
13%
места,
13%
которых
13%
тусили
13%
Чтоб
13%
Все
13%
наши
13%
фото
13%
архиве,
13%
корзине
13%
нужны
13%
нисколько
13%
Сказала
13%
одно
13%
Пусть
0%
сложно
0%
Начнёшь
0%
смог
0%
совсем
0%
никак
0%
добраться
0%
лишь
0%
No matching quizzes found
Score Distribution
Percent of People with Each Score
Percentile by Number Answered
Your Score History
You have not taken this quiz